000 00327nam a2200145Ia 4500
100 _aAICTE
942 _cBK
654 _aValue
245 _aValue Engineering C-N0 : 84
260 _bContinuing Education Programmer AICTE
_aBangalore
_c1990
082 _a515.7
_bAICTE
300 _a126
546 _aENGLISH
999 _c24309
_d24309